Quick Pick: Good or Evil? Quiz Stats

Quiz Updated Jul 11, 2016

Challenge
Share
Tweet
Embed
Score 0/8 Timer 01:00
2 Plays Today
% Correct
Exemplary
96.8%
Just
96%
Upright
95.1%
Virtuous
94.7%
Sterling
92.5%
Laudable
85.7%
Meritorious
84%
Irreproachable
58.9%

Today's Daily Dose

Missing Word
1998 A-Z Movies

Word Ladder
5 Vowel Sounds

Quick Pick
Legal Terms

On This Day
June 25th II

You're not logged in!

Compare scores with friends on all Sporcle quizzes.
Join for Free
OR
Log In

You Might Also Like...

Show Comments

Extras

Top Quizzes Today


Score Distribution

Your Account Isn't Verified!

In order to create a playlist on Sporcle, you need to verify the email address you used during registration. Go to your Sporcle Settings to finish the process.

Report this User

Report this user for behavior that violates our Community Guidelines.

Details: